00217nam a22000857a 4500082001700000245004800017300002100065526003700086650000800123 a954.031bBID aEarly Indian Campaigns and Medals 1799-1849 ap;172billc15cm a0b0c0d954_031000000000000_BID aMCE